| 000 | 006070000a22001810004500 | ||
|---|---|---|---|
| 090 |
_aAR _b01046 |
||
| 245 | 1 | 0 | _aSystematic review of the antillean bats of the Natalus micropus-complex (<Chiroptera: Natalidae>) |
| 650 | 1 | 4 |
_aSistemática animal _992968 |
| 650 | 1 | 4 |
_aMurciélagos _92659 |
| 650 | 1 | 4 |
_aMorfología animal _99953 |
| 650 | 1 | 4 |
_aDistribución _992865 |
| 653 |
_fNatalidae _gNatalus _eNatalus micropus |
||
| 041 | 0 | _aInglés | |
| 700 | 1 |
_aGenoways, Hugh H. _993478 |
|
| 100 | 1 |
_aOttenwalder, Jose Alberto _993650 |
|
| 942 | _cARTICULO | ||
| 773 | 1 |
_tAnnals of Carnegie Museum _3376 _q17-38 _d1982 _g51 |
|
| 999 |
_c10134 _d10134 |
||